| Поле | Инд. | ПП | Название | Значение |
|---|---|---|---|---|
| Тип записи | a | |||
| Библиографический уровень | m | |||
| 001 | Контрольный номер | 492c79139df44ca8aca6a3cea19c54d9 | ||
| 005 | Дата корректировки | 20260401114102.0 | ||
| 010 | a | ISBN | 978-5-00209-206-2 | |
| 101 | 0_ | a | Язык текста | rus |
| 102 | a | Страна публикации | RU | |
| 200 | 1_ | a | Заглавие | Современное российское государство: конституционно-правовое измерение |
| b | Общее обозначение материала | Электронный ресурс | ||
| e | Сведения, относящиеся к заглавию | материалы Всероссийского круглого стола, посвященного 25-летию со дня создания кафедры конституционного права им. Н.В. Витрука. | ||
| 210 | 1_ | a | Место издания | Москва |
| c | Издательство | РГУП им. В.М. Лебедева | ||
| d | Дата издания | 2025 | ||
| 215 | a | Объем | 732 с. | |
| 606 | a | Основная рубрика | Право. Юридические науки | |
| x | Основная подрубрика | Конституционное (государственное) право | ||
| 801 | _0 | a | Страна | RU |
| b | Организация | РГУП | ||
| c | Дата составления | 20260401 | ||
| g | Правила каталогизации | PSBO | ||
| 801 | _1 | a | Страна | RU |
| b | Организация | РГУП | ||
| c | Дата составления | 20260401 | ||
| g | Правила каталогизации | PSBO | ||
| 856 | 4_ | u | URL | https://op.raj.ru/serijnye-izdaniya/117-sborniki-nauchnykh-statej/1416-sovr-ros-gos-konst |
| 900 | a | Макрообъекты | Сборник Современное российское (2) | |
| 901 | t | Тип документа | m | |
| 905 | a | Дата ввода | 20260401 |